Taylor Swift - Paroles You Need to Calm Down - Statistiques

Statistiques générales
  • Ce quiz a été pris 162 fois
  • Le résultat moyen est 296 sur 349
Statistiques - réponses
Hint Réponse % Correct
a
99%
I
99%
Couplet 1 | Couplet 2 | Pré-refrain You
99%
you
99%
(You
99%
(you
99%
to
98%
are
97%
calm
96%
down
96%
down)
96%
need
96%
so
95%
Refrain So,
95%
And
94%
and
94%
it
94%
like
94%
like,
94%
Like,
94%
I'm
93%
know
93%
that
93%
your
93%
be
92%
don't
92%
just
92%
(oh)
92%
oh-oh,
92%
oh-oh
92%
Refrain Oh-oh,
92%
you're
92%
You're
92%
(you're
92%
But
90%
in
90%
somebody
90%
the
90%
being
89%
loud
89%
loud)
89%
no
89%
too
89%
we
89%
We
89%
a.m."
88%
it's
88%
on
88%
stop
88%
stop?)
88%
me
87%
7:00
86%
my
85%
less
84%
never
84%
can
83%
(can
83%
gay
83%
mad?
83%
okay?"
83%
"Damn,
82%
"Hey,
82%
not
82%
who
82%
at
81%
step
81%
all
80%
anybody
80%
out
80%
could
78%
shade
78%
When
78%
'Cause
75%
street
75%
taken
75%
friends
74%
made
74%
GLAAD?
73%
GLAAD?)
73%
is
73%
Why
73%
crowns
70%
knock
70%
Patrón
70%
see
70%
try
70%
got
69%
hate
69%
internet
69%
that's
69%
bones
68%
broke
68%
dark
68%
fun
68%
girls
68%
night
68%
people
68%
rather
68%
Say
68%
say
68%
shots
68%
there
68%
now,
67%
parade
67%
taking
67%
Comparing
66%
sign,
66%
would
66%
gown?
65%
killing
64%
take
64%
about
63%
figured
63%
his
63%
I've
63%
missile
63%
over
63%
stones
63%
Tweet,
63%
coming
62%
Making
62%
snakes
62%
learned
61%
ages
60%
lesson
60%
must've
60%
our
60%
expression
58%
cop
57%
else
57%
self
57%
scream
56%
several
53%
ain't
52%
mess
52%
control
50%
Sunshine
50%
with
50%
peace
49%
urges
49%
seats
48%
stressin'
48%
gowns?
47%
restore
47%
'bout
46%
obsessin'
44%
then
44%
tryna
30%
street, a
1%
Aucun quiz correspondant
Distribution des résultats
% des personnes avec chaque résultat
Percentile par nombre de réponses
Votre historique - résultats
Vous n’avez pas pris ce quiz